LEADER 01047nam0-22003371i-450- 001 990007892100403321 005 20040601090958.0 010 $a88-490-0012-X 035 $a000789210 035 $aFED01000789210 035 $a(Aleph)000789210FED01 035 $a000789210 100 $a20040601d2001----km-y0itay50------ba 101 0 $aita 102 $aIT 105 $aa-------001yy 200 1 $aGuida per i comitati di bioetica alla sperimentazione clinica$emodelli di procedure operative e riferimenti normativi$fLuisa Maria Borgia$gpresentazione di Daniele Coen 210 $aRoma$cIl pensiero scientifico$d2001 215 $aXI, 307 p.$d21 cm 225 1 $aSpazi 610 0 $aComitati etici 676 $a174.28 700 1$aBorgia,$bLuisa Maria$0421766 702 1$aCoen,$bDaniele 801 0$aIT$bUNINA$gRICA$2UNIMARC 901 $aBK 912 $a990007892100403321 952 $a90 A 4a 08$b2602$fFMEBC 959 $aFMEBC 996 $aGuida per i comitati di bioetica alla sperimentazione clinica$9668252 997 $aUNINA LEADER 01183nam2-2200337---450- 001 990003496570203316 005 20110215110421.0 035 $a000349657 035 $aUSA01000349657 035 $a(ALEPH)000349657USA01 035 $a000349657 100 $a20110215d1931----km-y0itay50------ba 101 $aita 102 $aIT 105 $a||||||||001yy 200 1 $a<> Malattie degli organi del circolo, degli organi digerenti, del peritoneo, del fegato, delle vie biliari, del pancreas 210 $aTorino$cMinerva medica$d1931 215 $aXII, 788 p.$cill.$d24 cm 461 1$1001000349652$12001$aMedicina interna: manuale pratico per medici e studenti 606 0 $aApparato circolatorio$xMalattie$2BNCF 606 0 $aApparato digerente$xMalattie$2BNCF 676 $a573.1 700 1$aCECONI,$bAngelo$0516410 801 0$aIT$bsalbc$gISBD 912 $a990003496570203316 951 $aFDC 144/2$b683 Med.$cFDC 959 $aBK 969 $aMED 979 $aMANCUSO$b90$c20110215$lUSA01$h1104 996 $aMalattie degli organi del circolo, degli organi digerenti, del peritoneo, del fegato, delle vie biliari, del pancreas$91111342 997 $aUNISA LEADER 00675nam0-2200253 --450 001 9911001974103321 005 20250604103843.0 100 $a20250604d19..----kmuy0itay5050 ba 101 0 $afre 102 $aFR 105 $af 001yy 200 1 $aAlbum du Fleuriste$fpar J. C. Tissot 210 $a[Paris]$cMM. Tissot & Cie$d[19..] 215 $a206 tavole$d22x28 cm 610 0 $aFloricoltura 676 $a635.9$v17$zita 700 1$aTissot,$bJ. C.$01821179 801 0$aIT$bUNINA$gREICAT$2UNIMARC 901 $aBK 912 $a9911001974103321 952 $aA MUSA 434$b03/3249/25$fFAGBC 959 $aFAGBC 996 $aAlbum du Fleuriste$94384839 997 $aUNINA